000
00292nam a2200109Ia 4500
008
180205s9999 xx 000 0 und d
020
_a
13186615x
100
_a
Aguinis, Herman
245
_a
Performance management /
260
_a
New jersey
_b
Pearson education
_c
2007
300
_a
vii, 284 pages
999
_c
354855
_d
354855